Most Losses in College Football History - Statistics

General Stats
  • This quiz has been taken 137 times
  • The average score is 12 of 25
Answer Stats
Losses School % Correct
649 Vanderbilt
96%
668 Kansas
66%
678 Rutgers
59%
698 Indiana
58%
636 Kentucky
58%
621 Oregon State
58%
663 Kansas State
55%
686 Northwestern
55%
665 Iowa State
53%
626 Virginia
53%
*593 Connecticut
49%
616 Illinois
49%
623 New Mexico
48%
601 Colorado State
46%
614 Maryland
46%
621 Massachusetts
46%
659 New Mexico State
46%
601 South Carolina
41%
621 UTEP
41%
638 Rice
40%
672 Wake Forest
39%
669 Tulane
38%
612 Eastern Michigan
29%
599 Temple
29%
594 Cincinnati
23%
No matching quizzes found
Score Distribution
Percent of People with Each Score
Percentile by Number Answered
Your Score History
You have not taken this quiz